书目信息 |
| 题名: |
隧道及地下工程结构设计计算方法与应用
|
|
| 作者: | 赵晓勇 , 王飞 , 刘建红 主编 | |
| 分册: | ||
| 出版信息: | 北京 人民交通出版社股份有限公司 2025.03 |
|
| 页数: | 283页 | |
| 开本: | 26cm | |
| 丛书名: | 中国隧道及地下工程修建关键技术研究书系 | |
| 单 册: | ||
| 中图分类: | U452 , TU93 | |
| 科图分类: | ||
| 主题词: | 隧道工程--sui dao gong cheng--结构设计--计算方法 , 地下工程--di xia gong cheng--结构设计--计算方法 | |
| 电子资源: | ||
| ISBN: | 978-7-114-20164-6 | |
| 000 | 01535nam 2200337 450 | |
| 001 | 92542 | |
| 005 | 20250818094305.92 | |
| 010 | @a978-7-114-20164-6@dCNY96.00 | |
| 100 | @a20250519d2025 em y0chiy50 ea | |
| 101 | 0 | @achi |
| 102 | @aCN@b110000 | |
| 105 | @aak a 000yy | |
| 106 | @ar | |
| 200 | 1 | @a隧道及地下工程结构设计计算方法与应用@Asui dao ji di xia gong cheng jie gou she ji ji suan fang fa yu ying yong@d= Calculation method and application of tunnel and underground engineering structure design@f赵晓勇, 王飞, 刘建红主编@zeng |
| 210 | @a北京@c人民交通出版社股份有限公司@d2025.03 | |
| 215 | @a283页@c图@d26cm | |
| 225 | 2 | @a中国隧道及地下工程修建关键技术研究书系@Azhong guo sui dao ji di xia gong cheng xiu jian guan jian ji shu yan jiu shu xi |
| 300 | @a穿越 | |
| 320 | @a有书目 (第281-283页) | |
| 330 | @a本书以隧道及地下工程结构设计计算为主线, 总结了隧道支护结构、明洞结构、洞门结构、盾构法隧道、基坑围护、地下箱型结构、抗震、人防、抗浮等具体的计算方法和操作流程。 | |
| 410 | 0 | @12001 @a中国隧道及地下工程修建关键技术研究书系 |
| 510 | 1 | @aCalculation method and application of tunnel and underground engineering structure design@zeng |
| 606 | 0 | @a隧道工程@Asui dao gong cheng@x结构设计@x计算方法 |
| 606 | 0 | @a地下工程@Adi xia gong cheng@x结构设计@x计算方法 |
| 690 | @aU452@v5 | |
| 690 | @aTU93@v5 | |
| 701 | 0 | @a赵晓勇@Azhao xiao yong@4主编 |
| 701 | 0 | @a王飞@Awang fei@4主编 |
| 701 | 0 | @a刘建红@Aliu jian hong@4主编 |
| 801 | 0 | @aCN@c20250909 |
| 905 | @a河南城建学院图书馆@dU452@eZ330-2@f1 | |
| 隧道及地下工程结构设计计算方法与应用= Calculation method and application of tunnel and underground engineering structure design/赵晓勇, 王飞, 刘建红主编.-北京:人民交通出版社股份有限公司,2025.03 |
| 283页:图;26cm.-(中国隧道及地下工程修建关键技术研究书系) |
| 穿越 |
| ISBN 978-7-114-20164-6:CNY96.00 |
| 本书以隧道及地下工程结构设计计算为主线, 总结了隧道支护结构、明洞结构、洞门结构、盾构法隧道、基坑围护、地下箱型结构、抗震、人防、抗浮等具体的计算方法和操作流程。 |
| ● |
| 相关链接 |
|
|
|
正题名:隧道及地下工程结构设计计算方法与应用
索取号:U452/Z330-2
 
预约/预借
| 序号 | 登录号 | 条形码 | 馆藏地/架位号 | 状态 | 备注 |
| 1 | 1626506 | 216265066 | 自科库501/501自科库 55排5列4层/ [索取号:U452/Z330-2] | 在馆 |